• 首页
  • 本馆介绍
  • 公告通知
  • 最新文献
  • 馆藏检索
  • 电子资源
  • 读者导购
  • 参考咨询
  • 我的图书馆
  • 登录
  • 详细信息显示
  • 放入我的书架
  • 预约/预借图书
  • 作者相关作品
  • 分类相关作品
  • 丛书相关作品
  • 出版社相关作品

书目信息

  • 表格格式
  • 工作单格式
  • 卡片格式
题名:
管理统计学
    
 
作者: 徐国祥 主编
分册:  
出版信息: 上海   上海财经大学出版社  1995
页数: 432页
开本: 20cm
丛书名: 工商管理丛书
单 册:
中图分类: F222 , C931.1
科图分类:
主题词: 经济统计学 , 管理--技术 , 管理--方法
电子资源:
ISBN: 7-81049-011-7
000 00742nam2 2200277 450
001 1536244078
005 20150119100439.17
010    @a7-81049-011-7@dCNY29.00
100    @a20021005d1995 em y0chiy0110 ea
101 0  @achi
102    @aCN@b310000
105    @ay z 000yy
200 1  @a管理统计学@9guan li tong ji xue@f徐国祥主编
210    @a上海@c上海财经大学出版社@d1995
215    @a432页@d20cm
225 2  @a工商管理丛书
314    @a徐国祥,上海财经大学统计学系教授
461  0 @12001 @a工商管理丛书
606 0  @a经济统计学
606 0  @a管理@x技术
606 0  @a管理@x方法
690    @aF222@v5
690    @aC931.1@v4
701  0 @a徐国祥@9xu guo xiang@4主编
801  0 @aCN@bTSSF@c20150115
905    @aZUCC@dC931.1@eJY427
    
    管理统计学/徐国祥主编.-上海:上海财经大学出版社,1995
    432页;20cm.-(工商管理丛书)
    
    
    ISBN 7-81049-011-7:CNY29.00
    
●
相关链接 在E读中查询图书 在五车中查询图书 在当当中查询图书 在豆瓣中查询图书


正题名:管理统计学     索取号:C931.1/JY427         预约/预借

序号 登录号 条形码 馆藏地/架位号 状态 备注
1 7835467   278354674   学院路分馆/ [索取号:C931.1/JY427] 在馆    
唐山师范学院图书馆 欢迎您!
大连网信软件有限公司© 版权所有